Guessing strategies in teaching and learning reading comprehension and the problems related to learning vocabulary at Kien Giang teachers training college : Luận văn Thạc sĩ Khoa học Giáo dục. Chuyên ngành: Lý luận và Phương pháp dạy học bộ môn tiếng Anh

Nghiên cứu khảo sát về thái độ của giáo viên và sinh viên không chuyên Anh đối với việc sử dụng các kỹ thuật đoán trong dạy và học đọc hiểu ở trường Cao đẳng sư phạm Kiên Giang.

Đã lưu trong:
书目详细资料
主要作者: Huỳnh, Thị Hà
格式: 图书
语言:Undetermined
出版: Cần Thơ Trường Đại học Cần Thơ 2010
主题:
标签: 添加标签
没有标签, 成为第一个标记此记录!
Thư viện lưu trữ: Trung tâm Học liệu Trường Đại học Cần Thơ
LEADER 01334nam a2200229Ia 4500
001 CTU_163723
008 210402s9999 xx 000 0 und d
082 |a 428.43071 
082 |b H100 
088 |a 60140111 
100 |a Huỳnh, Thị Hà 
245 0 |a Guessing strategies in teaching and learning reading comprehension and the problems related to learning vocabulary at Kien Giang teachers training college : 
245 0 |b Luận văn Thạc sĩ Khoa học Giáo dục. Chuyên ngành: Lý luận và Phương pháp dạy học bộ môn tiếng Anh 
245 0 |c Huỳnh Thị Hà ; Nguyễn Hồng Quí (Hướng dẫn Khoa học) 
260 |a Cần Thơ 
260 |b Trường Đại học Cần Thơ 
260 |c 2010 
520 |a Nghiên cứu khảo sát về thái độ của giáo viên và sinh viên không chuyên Anh đối với việc sử dụng các kỹ thuật đoán trong dạy và học đọc hiểu ở trường Cao đẳng sư phạm Kiên Giang. 
650 |a Reading comprehension,Tiếng Anh,Đọc hiểu,English language 
650 |x Dạy và học,Người học ngoại ngữ,Study and teaching,Foreign speakers 
904 |i Năm 
980 |a Trung tâm Học liệu Trường Đại học Cần Thơ